| 000 | 00979nam0a2200301 4500 | ||
|---|---|---|---|
| 001 | RU\NLR\bibl\20578 | ||
| 005 | 20260406123626.0 | ||
| 010 |
_a5-237-01576-Х _94000 |
||
| 035 | _a(NLR Aleph) 000020062 | ||
| 090 |
_a90891 _c90891 |
||
| 100 | _a19990406d1998 |||y0rusy50 ca | ||
| 101 | 1 |
_arus _ceng |
|
| 102 | _aRU | ||
| 105 | _a||||||||||||| | ||
| 200 | 1 |
_aБессонница _e[Роман] _fСтивен Кинг _g[Пер. с англ. Ф.Б. Сарнова] |
|
| 210 |
_aМ. _cМир _aНазрань _cАСТ _d1998 |
||
| 215 |
_a687 с. _d21 |
||
| 686 | _aШ6(7США)67-445 | ||
| 700 | 1 |
_4070 _7ca _8rus _aКинг _bС. _f1947- _gСтивен _3RU\NLR\auth\77848 _9110885 |
|
| 801 | 0 |
_aRU _bNLR _c19990406 _gPSBO |
|
| 801 | 1 |
_aRU _bNLR _c19990406 |
|
| 852 |
_aNLR _j99-3/1034 |
||
| 942 | _cBOOK | ||
| 980 | _aNB | ||